header

Bridging and relevance (Record no. 17677)

MARC details
000 -LEADER
fixed length control field 01449nam a2200385 a 4500
082 04 - DEWEY DECIMAL CLASSIFICATION NUMBER
Classification number 401.41
100 1# - MAIN ENTRY--AUTHOR NAME
Personal name Matsui, Tomoko.
245 10 - TITLE STATEMENT
Title Bridging and relevance
260 ## - PUBLICATION, DISTRIBUTION, ETC. (IMPRINT)
Place of publication Amsterdam ;
-- [Great Britain] :
Name of publisher J. Benjamins Pub,
Year of publication c2000.
300 ## - PHYSICAL DESCRIPTION
Number of Pages xi, 247 p.
490 1# - SERIES STATEMENT
Series statement Pragmatics & beyond. New series,
650 #0 - SUBJECT ADDED ENTRY--TOPICAL TERM
Topical Term Reference (Linguistics)
Topical Term Relevance.
Topical Term Pragmatics.
856 40 - ELECTRONIC LOCATION AND ACCESS
Uniform Resource Identifier http://site.ebrary.com/lib/rucke/Doc?id=5000250

No items available.

© 2026 Rongo University
Contact us: librarian | system librarian | Rongo university